[Event "DEM U16w 2012"]
[Site "Oberhof GER"]
[Date "2012.05.28"]
[Round "3"]
[White "Schmalhorst, Sophia"]
[Black "Polert, Annika"]
[Result "1-0"]
[Termination "normal"]
[Board "2"]
[WhiteElo "1866"]
[BlackElo "1792"]
[PlyCount "73"]
[WhiteFideId "24682497"]
[BlackFideId "24692328"]
[EventCountry "GER"]
[EventRounds "9"]
[EventType "swiss"]
[EventDate "2012.05.26"]

1. d4 d5 2. Nf3 Nf6 3. Bf4 c6 4. e3 Qb6 5. Qc1 Bf5 6. c4 e6 7. Nc3 Be7 8. h3 h6
9. Be2 O-O 10. c5 Qd8 11. O-O Nbd7 12. b4 g5 13. Bh2 Bg6 14. b5 Ne4 15. Nxe4
dxe4 16. Ne5 Nxe5 17. Bxe5 cxb5 18. Bxb5 a6 19. Be2 Qd5 20. Bc4 Qc6 21. Qb2 Kh7
22. Rab1 Qa4 23. Rfc1 b5 24. Bb3 Qa5 25. Bh2 Rac8 26. Qc3 Qd8 27. a4 Rc6 28.
axb5 axb5 29. Qb4 Qc8 30. Qxb5 f5 31. Ba4 Ra6 32. Qd7 Qxd7 33. Bxd7 f4 34. c6
fxe3 35. fxe3 Ra2 36. Bxe6 Rff2 37. Bxa2 1-0

[Event "DEM U16w 2012"]
[Site "Oberhof GER"]
[Date "2012.05.28"]
[Round "3"]
[White "Kuckling, Hannah"]
[Black "Berger, Nadja"]
[Result "0-1"]
[Termination "normal"]
[Board "3"]
[WhiteElo "1821"]
[BlackElo "1745"]
[PlyCount "74"]
[WhiteFideId "24603660"]
[BlackFideId "24692212"]
[EventCountry "GER"]
[EventRounds "9"]
[EventType "swiss"]
[EventDate "2012.05.26"]

1. e4 e5 2. Nf3 Nc6 3. Bb5 Nd4 4. Bc4 Bc5 5. c3 Nxf3+ 6. Qxf3 Qf6 7. Qe2 Qg6 8.
O-O d6 9. d4 exd4 10. e5 Bg4 11. Qe1 Ne7 12. Bf4 d5 13. Be2 h5 14. Qd2 Bh3 15.
Bf3 Nf5 16. Bxd5 Nh4 17. Bg3 Bxg2 18. Bxg2 Nxg2 19. Kxg2 h4 20. cxd4 hxg3 21.
hxg3 Qe4+ 22. f3 Qh7 23. Kf2 O-O-O 24. Ke1 Rxd4 25. Qe2 Rd3 26. Qg2 Re3+ 27.
Kd1 Rd8+ 28. Kc1 Qd3 29. Nc3 Qc4 30. Kc2 Bb4 31. Rad1 Bxc3 32. Qh3+ Qe6 33.
Rxd8+ Kxd8 34. Rd1+ Ke7 35. Qh4+ f6 36. bxc3 Qxa2+ 37. Kc1 Rxc3# 0-1

[Event "DEM U16w 2012"]
[Site "Oberhof GER"]
[Date "2012.05.28"]
[Round "3"]
[White "Herbrig, Marie-Helen"]
[Black "Spiegelberg, Silvia"]
[Result "1-0"]
[Termination "normal"]
[Board "4"]
[WhiteElo "1646"]
[BlackElo "1903"]
[PlyCount "51"]
[WhiteFideId "12900427"]
[BlackFideId "24654450"]
[EventCountry "GER"]
[EventRounds "9"]
[EventType "swiss"]
[EventDate "2012.05.26"]

1. e4 e5 2. Nf3 Nc6 3. Bc4 Bc5 4. c3 Nf6 5. d3 a6 6. Bb3 Ba7 7. Nbd2 d6 8. h3
O-O 9. Nf1 h6 10. Ng3 Kh8 11. O-O Nh7 12. d4 exd4 13. cxd4 Qf6 14. Be3 Na5 15.
Bc2 Nc4 16. Bc1 Bd7 17. Re1 Rae8 18. e5 Nxe5 19. dxe5 Qd8 20. Bf4 d5 21. Qd3 f5
22. exf6 Nxf6 23. Be5 Ne4 24. Rxe4 dxe4 25. Qxe4 Kg8 26. Qh7+ 1-0

[Event "DEM U16w 2012"]
[Site "Oberhof GER"]
[Date "2012.05.28"]
[Round "3"]
[White "Mehling, Katharina"]
[Black "Winterholler, Christina"]
[Result "1-0"]
[Termination "normal"]
[Board "5"]
[WhiteElo "1714"]
[BlackElo "1822"]
[PlyCount "129"]
[WhiteFideId "12900362"]
[BlackFideId "24652105"]
[EventCountry "GER"]
[EventRounds "9"]
[EventType "swiss"]
[EventDate "2012.05.26"]

1. e4 Nc6 2. d4 d6 3. Nc3 Nf6 4. f3 e6 5. Bg5 Be7 6. Qd2 O-O 7. Nge2 d5 8. e5
Nd7 9. h4 Nb6 10. Bxe7 Qxe7 11. Nf4 f6 12. O-O-O fxe5 13. dxe5 Qf7 14. Nd3 Nc4
15. Qe1 Qf5 16. f4 d4 17. Ne2 Qe4 18. Nc5 Qd5 19. Nb3 Ne3 20. Rd2 Nb4 21. Nexd4
Nc4 22. Bxc4 Qxc4 23. a3 Nd5 24. g3 a5 25. Qe2 Qxe2 26. Rxe2 a4 27. Nc5 Kf7 28.
Rd1 b6 29. Ne4 h6 30. Nd2 c5 31. Nb5 Ba6 32. Nd6+ Ke7 33. Ree1 Rad8 34. N2e4
Nc7 35. Rd2 Nb5 36. Nxb5 Rxd2 37. Kxd2 Bxb5 38. Rd1 Bc6 39. Ke3 Bd5 40. Nc3 Bc6
41. Rd6 Rc8 42. Ne4 c4 43. c3 b5 44. Nc5 Bd5 45. Kd4 g6 46. Rd7+ Kf8 47. Ne4 h5
48. Nf6 Bf3 49. Ke3 Bg2 50. Ne4 Rb8 51. Rh7 Rb6 52. Rc7 Bh1 53. Nd6 Bd5 54. Kd4
Rb8 55. Kc5 Bf3 56. Rc8+ Rxc8+ 57. Nxc8 Bd1 58. Kxb5 Bb3 59. Nd6 Ke7 60. Nxc4
Kd8 61. Nb6 Kc7 62. Nxa4 Bd5 63. c4 Bc6+ 64. Kb4 Be8 65. Nc5 1-0

[Event "DEM U16w 2012"]
[Site "Oberhof GER"]
[Date "2012.05.28"]
[Round "3"]
[White "Lehmann, Patricia"]
[Black "Steimbach, Isabel"]
[Result "0-1"]
[Termination "normal"]
[Board "6"]
[WhiteElo "1671"]
[BlackElo "1690"]
[PlyCount "126"]
[WhiteFideId "12900060"]
[BlackFideId "24692174"]
[EventCountry "GER"]
[EventRounds "9"]
[EventType "swiss"]
[EventDate "2012.05.26"]

1. d4 d5 2. c4 e6 3. Nc3 Nf6 4. cxd5 exd5 5. Bg5 Be7 6. e3 O-O 7. Bd3 b6 8. Qc2
Nbd7 9. Nge2 Bb7 10. O-O c5 11. f3 Re8 12. Rae1 a6 13. a4 Rc8 14. Kh1 h6 15.
Bf4 Nh5 16. g4 Nxf4 17. Nxf4 cxd4 18. exd4 Bd6 19. Ng2 Qf6 20. Qf2 Nf8 21. Bf5
Rxe1 22. Rxe1 Rc4 23. Rd1 g6 24. Bb1 Ne6 25. Ba2 Rxd4 26. Rxd4 Qxd4 27. Qxd4
Nxd4 28. Bxd5 Bxd5 29. Nxd5 Nxf3 30. h3 b5 31. axb5 axb5 32. b4 Ne5 33. Nge3
Nc6 34. Nc2 Kf8 35. Kg2 Ke8 36. Nc3 Nxb4 37. Nxb5 Nxc2 38. Nxd6+ Ke7 39. Ne4 f5
40. gxf5 gxf5 41. Nd2 Ke6 42. Kf3 Ke5 43. Nc4+ Kd5 44. Kf4 Nd4 45. Ne3+ Ke6 46.
Nc4 Ne2+ 47. Kf3 Nc3 48. Kf4 Nd5+ 49. Kf3 Ne7 50. Ke3 Ng6 51. Kf3 Ne5+ 52. Nxe5
Kxe5 53. Ke3 f4+ 54. Kf2 Ke4 55. Ke2 f3+ 56. Kf1 Kf4 57. Kf2 h5 58. Kf1 Kg3 59.
Kg1 Kxh3 60. Kh1 Kg3 61. Kg1 h4 62. Kf1 f2 63. Ke2 Kg2 0-1

[Event "DEM U16w 2012"]
[Site "Oberhof GER"]
[Date "2012.05.28"]
[Round "3"]
[White "Lagunow, Elina"]
[Black "Liez, Franziska"]
[Result "1/2-1/2"]
[Termination "normal"]
[Board "7"]
[WhiteElo "1748"]
[BlackElo "1957"]
[PlyCount "68"]
[WhiteFideId "4673387"]
[BlackFideId "1271766"]
[EventCountry "GER"]
[EventRounds "9"]
[EventType "swiss"]
[EventDate "2012.05.26"]

1. e4 e5 2. Nf3 Nc6 3. Bc4 Nf6 4. Ng5 d5 5. exd5 Na5 6. Bb5+ c6 7. dxc6 bxc6 8.
Bd3 h6 9. Ne4 Nd5 10. O-O Be7 11. Be2 O-O 12. d3 f5 13. Ng3 Qb6 14. Bf3 Bd7 15.
a3 Nf6 16. b4 Nb7 17. Nd2 Rac8 18. Nc4 Qc7 19. Bb2 Bd6 20. Re1 Nd8 21. Nxd6
Qxd6 22. c4 Nf7 23. h4 Qc7 24. a4 a6 25. Qc2 Qd8 26. c5 Ng4 27. Qc4 Qxh4 28.
Bxg4 Qxg4 29. Qxg4 fxg4 30. Re4 Rb8 31. Rb1 Rfe8 32. Bc3 Kh7 33. Rbe1 Kg6 34.
d4 exd4 1/2-1/2

[Event "DEM U16w 2012"]
[Site "Oberhof GER"]
[Date "2012.05.28"]
[Round "3"]
[White "Siegl, Melina"]
[Black "Stoll, Katja"]
[Result "1-0"]
[Termination "normal"]
[Board "8"]
[WhiteElo "1771"]
[BlackElo "1645"]
[PlyCount "99"]
[WhiteFideId "1272126"]
[BlackFideId "1271730"]
[EventCountry "GER"]
[EventRounds "9"]
[EventType "swiss"]
[EventDate "2012.05.26"]

1. e4 e5 2. Nf3 Nf6 3. Nxe5 d6 4. Nf3 Nxe4 5. Nc3 Nxc3 6. dxc3 Be7 7. Be3 Nc6
8. Qd2 O-O 9. O-O-O Ne5 10. h4 Be6 11. Kb1 a5 12. h5 Rb8 13. h6 g6 14. Nd4 Bc4
15. f4 Bxf1 16. Rdxf1 Nc4 17. Qd3 Nxe3 18. Qxe3 c5 19. Nf5 Bf6 20. Ng7 Qd7 21.
Qg3 b5 22. Nh5 Bh8 23. Qg5 Qd8 24. Qg3 b4 25. c4 a4 26. Ng7 Qb6 27. f5 b3 28.
cxb3 axb3 29. a3 Qc6 30. Re1 d5 31. fxg6 fxg6 32. Re6 Qd7 33. Rd6 Qc7 34. Rxg6
Qxg3 35. Rxg3 Bxg7 36. Rxg7+ Kh8 37. cxd5 Rb6 38. Rg3 Rxh6 39. Rc1 c4 40. Rxc4
Rf1+ 41. Rc1 Rhh1 42. Rgc3 Kg7 43. d6 Kf6 44. Rf3+ Rxf3 45. Rxh1 Rd3 46. Kc1
Ke6 47. Rd1 Rxd6 48. Rxd6+ Kxd6 49. Kd2 Kc5 50. Kc3 1-0

[Event "DEM U16w 2012"]
[Site "Oberhof GER"]
[Date "2012.05.28"]
[Round "3"]
[White "Eue, Vicky"]
[Black "Tettmann, Ann-Kathrin"]
[Result "1-0"]
[Termination "normal"]
[Board "9"]
[WhiteElo "1586"]
[BlackElo "1622"]
[PlyCount "93"]
[WhiteFideId "12945838"]
[BlackFideId "12945676"]
[EventCountry "GER"]
[EventRounds "9"]
[EventType "swiss"]
[EventDate "2012.05.26"]

1. e4 c5 2. Nf3 d6 3. d4 cxd4 4. Nxd4 Nf6 5. Nc3 e6 6. Bg5 Be7 7. f4 a6 8. Qd2
Nbd7 9. O-O-O Qc7 10. Kb1 b5 11. a3 Bb7 12. Bd3 Rc8 13. Nf3 Qc5 14. Rhe1 h6 15.
Bh4 Qh5 16. h3 Nb6 17. g4 Qc5 18. Bf2 Qc7 19. f5 Nc4 20. Bxc4 Qxc4 21. fxe6
fxe6 22. Qd3 O-O 23. Bg3 Rfd8 24. Qxc4 Rxc4 25. Nd4 Kf7 26. Rf1 e5 27. Nf5 Bxe4
28. Nxe4 Rxe4 29. Bh4 d5 30. g5 hxg5 31. Bxg5 Bf8 32. Ng3 Rc4 33. Nh5 Rc6 34.
Rf5 Kg6 35. Rdf1 Bd6 36. Nxf6 gxf6 37. Bxf6 Rf8 38. Rg5+ Kh7 39. h4 Bc5 40.
Rgf5 Kg6 41. h5+ Kh7 42. Bxe5 Rxf5 43. Rxf5 Bg1 44. Bf4 d4 45. h6 Re6 46. Rf7+
Kh8 47. Bg5 1-0

[Event "DEM U16w 2012"]
[Site "Oberhof GER"]
[Date "2012.05.28"]
[Round "3"]
[White "Schäfer, Annabelle"]
[Black "Wulf, Constanze"]
[Result "1-0"]
[Termination "normal"]
[Board "10"]
[WhiteElo "1803"]
[BlackElo "1473"]
[PlyCount "61"]
[WhiteFideId "12917729"]
[BlackFideId "24692379"]
[EventCountry "GER"]
[EventRounds "9"]
[EventType "swiss"]
[EventDate "2012.05.26"]

1. e4 c5 2. Nf3 e6 3. d4 cxd4 4. Nxd4 Nf6 5. Bd3 Nc6 6. Nxc6 dxc6 7. Nc3 e5 8.
Qe2 Be6 9. h3 Bb4 10. Bd2 O-O 11. g4 b5 12. f3 a5 13. h4 a4 14. a3 Ba5 15. Nd1
Bxd2+ 16. Qxd2 Qa5 17. Qxa5 Rxa5 18. Ne3 c5 19. c3 Rb8 20. Rh2 b4 21. axb4 cxb4
22. cxb4 Rxb4 23. Rc2 g6 24. Nd1 Ne8 25. Rc6 Bb3 26. Bc2 Rab5 27. Bxb3 axb3 28.
Ra8 Rb8 29. Rc8 Rxc8 30. Rxc8 Kf8 31. Nc3 1-0

[Event "DEM U16w 2012"]
[Site "Oberhof GER"]
[Date "2012.05.28"]
[Round "3"]
[White "Michels, Kim"]
[Black "Tobianski, Karina"]
[Result "0-1"]
[Termination "normal"]
[Board "11"]
[WhiteElo "1647"]
[BlackElo "1341"]
[PlyCount "44"]
[WhiteFideId "24690066"]
[BlackFideId "12937746"]
[EventCountry "GER"]
[EventRounds "9"]
[EventType "swiss"]
[EventDate "2012.05.26"]

1. e4 e5 2. Nf3 Nc6 3. Bc4 Bc5 4. c3 Nf6 5. d3 O-O 6. Bb3 d6 7. Nbd2 Be6 8.
Bxe6 fxe6 9. Qb3 Qc8 10. h3 h6 11. Nf1 Kh7 12. g4 Nxe4 13. d4 exd4 14. Qc2 d5
15. N1d2 Kg8 16. Nxe4 dxe4 17. Qxe4 dxc3 18. Bxh6 Qd7 19. Rd1 Qf7 20. Bxg7 Qxg7
21. Qxe6+ Qf7 22. Qxf7+ Rxf7 0-1

[Event "DEM U16w 2012"]
[Site "Oberhof GER"]
[Date "2012.05.28"]
[Round "3"]
[White "Brock, Sharlena"]
[Black "Burgardt, Sabrina"]
[Result "1-0"]
[Termination "normal"]
[Board "12"]
[WhiteElo "1420"]
[BlackElo "1281"]
[PlyCount "97"]
[WhiteFideId "12951935"]
[BlackFideId "12951943"]
[EventCountry "GER"]
[EventRounds "9"]
[EventType "swiss"]
[EventDate "2012.05.26"]

1. e4 c5 2. Nf3 e6 3. c3 Ne7 4. d4 Ng6 5. Bd3 Be7 6. O-O O-O 7. Be3 Qc7 8. Nbd2
a6 9. Rc1 b5 10. b3 Bb7 11. Qc2 d5 12. e5 c4 13. Bxg6 fxg6 14. b4 a5 15. a3 Nc6
16. Ng5 Bxg5 17. Bxg5 a4 18. f4 Ne7 19. g4 Bc6 20. Rf3 Rf7 21. Kg2 Raf8 22. Rh1
Be8 23. Kg3 h6 24. Bh4 h5 25. h3 Kh8 26. Bg5 Qd7 27. Qd1 Kh7 28. Rf2 Kg8 29.
Nf3 Kh8 30. Qb1 Nc8 31. Nh4 Re7 32. Nxg6+ Bxg6 33. Qxg6 Qe8 34. Qxe8 Rexe8 35.
f5 exf5 36. gxf5 Kh7 37. Rhf1 Rf7 38. Kh4 Ne7 39. Bxe7 Rexe7 40. Kxh5 Rc7 41.
Kg5 Rb7 42. Rf4 Rbc7 43. Rh4+ Kg8 44. e6 Rf6 45. Kf4 Re7 46. Re1 g6 47. Re5
gxf5 48. Rxd5 Rfxe6 49. Re5 1-0

[Event "DEM U16w 2012"]
[Site "Oberhof GER"]
[Date "2012.05.29"]
[Round "4"]
[White "Berger, Nadja"]
[Black "Osmanodja, Filiz"]
[Result "0-1"]
[Termination "normal"]
[Board "1"]
[BlackTitle "FM"]
[WhiteElo "1745"]
[BlackElo "2160"]
[PlyCount "70"]
[WhiteFideId "24692212"]
[BlackFideId "24633569"]
[EventCountry "GER"]
[EventRounds "9"]
[EventType "swiss"]
[EventDate "2012.05.26"]

1. e4 c5 2. Nf3 d6 3. d4 cxd4 4. Nxd4 Nf6 5. Nc3 Nc6 6. Nxc6 bxc6 7. Bc4 e6 8.
O-O Be7 9. Qf3 O-O 10. Re1 Nd7 11. Bf4 e5 12. Be3 Nb6 13. Bd3 Be6 14. b3 Qd7
15. h3 Rac8 16. Bd2 Bf6 17. Rad1 d5 18. Qg3 Qe7 19. Rf1 Nd7 20. Na4 Bh4 21. Qe3
dxe4 22. Bxe4 f5 23. Bf3 Bd5 24. Nc3 e4 25. Rfe1 Qf6 26. Nxd5 cxd5 27. g3 Qg6
28. Bg2 f4 29. Qd4 fxg3 30. Qxd5+ Kh8 31. fxg3 Nf6 32. Qd4 Bxg3 33. Rf1 Bc7 34.
Be3 Qg3 35. Rf2 Bb6 0-1

[Event "DEM U16w 2012"]
[Site "Oberhof GER"]
[Date "2012.05.29"]
[Round "4"]
[White "Diederichs, Luise"]
[Black "Schmalhorst, Sophia"]
[Result "1-0"]
[Termination "normal"]
[Board "2"]
[WhiteElo "1764"]
[BlackElo "1866"]
[PlyCount "83"]
[WhiteFideId "24661597"]
[BlackFideId "24682497"]
[EventCountry "GER"]
[EventRounds "9"]
[EventType "swiss"]
[EventDate "2012.05.26"]

1. d4 Nf6 2. c4 e6 3. Nc3 b6 4. e4 Bb7 5. Bd3 Bb4 6. Bg5 h6 7. Bxf6 Qxf6 8. Nf3
O-O 9. O-O Bxc3 10. bxc3 d5 11. cxd5 exd5 12. e5 Qe7 13. Nd2 c5 14. f4 Ba6 15.
Bxa6 Nxa6 16. f5 Qg5 17. Qe2 Nc7 18. f6 Ne6 19. Nf3 Qg4 20. Qe3 cxd4 21. Nxd4
Nxd4 22. cxd4 Kh7 23. Rf4 Qg5 24. Qd3+ g6 25. Raf1 h5 26. Qf3 Rfd8 27. Qe2 Re8
28. Qf3 Rad8 29. Qa3 Rd7 30. Qa4 Red8 31. e6 Rc7 32. e7 Rc1 33. Rxc1 Qxf4 34.
Re1 Qd2 35. e8=Q Rxe8 36. Qxe8 Qxd4+ 37. Qe3 Qxf6 38. Rf1 Qg7 39. Qd3 d4 40.
Rf4 Qe5 41. Rxf7+ Kg8 42. Qxg6+ 1-0

[Event "DEM U16w 2012"]
[Site "Oberhof GER"]
[Date "2012.05.29"]
[Round "4"]
[White "Polert, Annika"]
[Black "Mehling, Katharina"]
[Result "1-0"]
[Termination "normal"]
[Board "3"]
[WhiteElo "1792"]
[BlackElo "1714"]
[PlyCount "91"]
[WhiteFideId "24692328"]
[BlackFideId "12900362"]
[EventCountry "GER"]
[EventRounds "9"]
[EventType "swiss"]
[EventDate "2012.05.26"]

1. c4 e5 2. Nc3 Nc6 3. g3 f5 4. Bg2 Nf6 5. e3 g6 6. Nge2 Bg7 7. O-O O-O 8. d4
d6 9. Rb1 a5 10. a3 Ne7 11. b4 axb4 12. axb4 c6 13. c5 Be6 14. Qd2 Qc7 15. Rd1
Nfd5 16. cxd6 Qxd6 17. b5 Nxc3 18. Nxc3 exd4 19. exd4 Rfd8 20. bxc6 bxc6 21.
Qe3 Nd5 22. Nxd5 Bxd5 23. Bxd5+ Qxd5 24. Bb2 Re8 25. Qc3 Rad8 26. Ra1 c5 27.
Ra5 Bxd4 28. Rxd4 Qxd4 29. Qb3+ c4 30. Qb4 Qe4 31. Ra1 Rb8 32. Qc3 Qe5 33. Qxe5
Rxe5 34. Bxe5 Rb7 35. Rc1 Rb4 36. h4 Kf7 37. Kg2 Ke6 38. Bc3 Rb7 39. Rc2 Kd5
40. Kf3 Kc5 41. Kf4 Rd7 42. Rd2 Re7 43. Be5 Kb5 44. Rd5+ Ka4 45. Rc5 Kb3 46.
Rc7 1-0

[Event "DEM U16w 2012"]
[Site "Oberhof GER"]
[Date "2012.05.29"]
[Round "4"]
[White "Siegl, Melina"]
[Black "Kuckling, Hannah"]
[Result "0-1"]
[Termination "normal"]
[Board "4"]
[WhiteElo "1771"]
[BlackElo "1821"]
[PlyCount "154"]
[WhiteFideId "1272126"]
[BlackFideId "24603660"]
[EventCountry "GER"]
[EventRounds "9"]
[EventType "swiss"]
[EventDate "2012.05.26"]

1. e4 c5 2. Nf3 e6 3. d3 Nc6 4. g3 d5 5. Nbd2 Nf6 6. Bg2 Be7 7. O-O Bd7 8. Re1
O-O 9. e5 Ne8 10. h4 f6 11. Bh3 Qc8 12. Qe2 fxe5 13. Nxe5 Nxe5 14. Qxe5 Rf6 15.
Qh5 Qc7 16. c4 Bd6 17. Nf1 d4 18. Bg5 Rg6 19. Re2 Nf6 20. Bxf6 Rxf6 21. Nd2 Be8
22. Qg4 Rg6 23. Qe4 Bc6 24. Bxe6+ Kh8 25. Bd5 Bxd5 26. cxd5 Rf8 27. Rae1 Qf7
28. Kg2 Rf6 29. Rf1 h6 30. Nc4 Bb8 31. Ne5 Bxe5 32. Qxe5 Rf5 33. Qe6 Rxd5 34.
Qg4 Rf5 35. b3 b5 36. Rc2 Qd5+ 37. f3 h5 38. Qe4 Qd6 39. Qb7 a6 40. Re2 R5f6
41. Qe4 Rg6 42. Qe5 Qc6 43. Qxh5+ Rh6 44. Qg4 Rg6 45. Qh5+ Rh6 46. Qg5 Rg6 47.
Qe7 Rgf6 48. Re4 c4 49. Rg4 R8f7 50. Qd8+ Rf8 51. Qxd4 c3 52. Qe4 c2 53. Qxc6
Rxc6 54. Rc1 Rd8 55. d4 Rc3 56. Re4 Rf8 57. f4 Rf6 58. Kf2 Rg6 59. Re3 Rxe3 60.
Kxe3 Rxg3+ 61. Ke4 Rg2 62. Ke5 Kg8 63. Kd6 Kf7 64. d5 Rd2 65. Kc6 Ke7 66. Kb6
Kd6 67. Kxa6 Kxd5 68. Kxb5 Kd4 69. Kb4 Kd3 70. a4 Rd1 71. Rxc2 Kxc2 72. a5 Rb1
73. f5 Rxb3+ 74. Kc5 Rf3 75. Kd6 Rxf5 76. Ke6 Rxa5 77. Kf7 Rh5 0-1

[Event "DEM U16w 2012"]
[Site "Oberhof GER"]
[Date "2012.05.29"]
[Round "4"]
[White "Liez, Franziska"]
[Black "Schäfer, Annabelle"]
[Result "1-0"]
[Termination "normal"]
[Board "6"]
[WhiteElo "1957"]
[BlackElo "1803"]
[PlyCount "89"]
[WhiteFideId "1271766"]
[BlackFideId "12917729"]
[EventCountry "GER"]
[EventRounds "9"]
[EventType "swiss"]
[EventDate "2012.05.26"]

1. e4 g6 2. Nf3 d6 3. d4 Bg7 4. Nc3 Nf6 5. Bc4 Nc6 6. O-O O-O 7. h3 Nxe4 8.
Bxf7+ Rxf7 9. Nxe4 d5 10. Nc3 a6 11. Re1 Qd6 12. a3 Bf5 13. Be3 Rd8 14. Qd2 e5
15. dxe5 Nxe5 16. Nxe5 Bxe5 17. Bg5 Rdd7 18. Rad1 c6 19. Kh1 Be6 20. Re2 Bf6
21. Bxf6 Rxf6 22. Ne4 Qe7 23. Nxf6+ Qxf6 24. Qe3 Bf7 25. c3 d4 26. Rxd4 Rxd4
27. Qxd4 Qxd4 28. cxd4 Kf8 29. Kg1 Bd5 30. Re5 Kf7 31. f4 Be6 32. Kf2 h5 33.
Rg5 Kf6 34. Ke3 b6 35. Re5 Bd7 36. d5 c5 37. d6 Be6 38. Ke4 h4 39. Kf3 a5 40.
g3 hxg3 41. Kxg3 a4 42. Re4 Bd7 43. Re7 Bc6 44. h4 b5 45. Rc7 1-0

[Event "DEM U16w 2012"]
[Site "Oberhof GER"]
[Date "2012.05.29"]
[Round "4"]
[White "Lagunow, Elina"]
[Black "Eue, Vicky"]
[Result "1-0"]
[Termination "normal"]
[Board "7"]
[WhiteElo "1748"]
[BlackElo "1586"]
[PlyCount "77"]
[WhiteFideId "4673387"]
[BlackFideId "12945838"]
[EventCountry "GER"]
[EventRounds "9"]
[EventType "swiss"]
[EventDate "2012.05.26"]

1. e4 e6 2. g3 d5 3. Bg2 Nf6 4. exd5 exd5 5. d4 h6 6. Nf3 Bd6 7. O-O O-O 8. b3
c6 9. Bb2 Be6 10. Nbd2 Nbd7 11. Ne5 Qc7 12. f4 c5 13. c3 Bxe5 14. dxe5 Ng4 15.
Qe2 Qb6 16. Kh1 d4 17. cxd4 cxd4 18. Qe4 d3 19. Bd4 Nc5 20. Qf3 Rfd8 21. Bg1 h5
22. Ne4 Bd5 23. Bxc5 Bxe4 24. Bxb6 Bxf3 25. Bxd8 Bxg2+ 26. Kxg2 Rxd8 27. Rf3 d2
28. Rd1 Kf8 29. h3 Nh6 30. Rf2 Nf5 31. Rdxd2 Rxd2 32. Rxd2 Ke7 33. Kf3 Ke6 34.
g4 hxg4+ 35. hxg4 Nh6 36. Rd8 f6 37. exf6 gxf6 38. Rb8 b6 39. Ra8 1-0

[Event "DEM U16w 2012"]
[Site "Oberhof GER"]
[Date "2012.05.29"]
[Round "4"]
[White "Spiegelberg, Silvia"]
[Black "Tettmann, Ann-Kathrin"]
[Result "0-1"]
[Termination "normal"]
[Board "8"]
[WhiteElo "1903"]
[BlackElo "1622"]
[PlyCount "48"]
[WhiteFideId "24654450"]
[BlackFideId "12945676"]
[EventCountry "GER"]
[EventRounds "9"]
[EventType "swiss"]
[EventDate "2012.05.26"]

1. e4 c5 2. Nf3 d6 3. d4 Nf6 4. Nc3 cxd4 5. Nxd4 a6 6. f3 e6 7. Be3 Be7 8. Qd2
Qc7 9. O-O-O Nbd7 10. g4 h6 11. h4 b5 12. Be2 Nc5 13. a3 Rb8 14. g5 Nh5 15.
Rdg1 b4 16. axb4 Rxb4 17. f4 hxg5 18. hxg5 g6 19. Bxh5 Rxh5 20. Rxh5 gxh5 21.
Nd5 exd5 22. g6 fxg6 23. Rxg6 Rxd4 24. Qc3 Rxe4 0-1

[Event "DEM U16w 2012"]
[Site "Oberhof GER"]
[Date "2012.05.29"]
[Round "4"]
[White "Winterholler, Christina"]
[Black "Brock, Sharlena"]
[Result "1-0"]
[Termination "normal"]
[Board "9"]
[WhiteElo "1822"]
[BlackElo "1420"]
[PlyCount "75"]
[WhiteFideId "24652105"]
[BlackFideId "12951935"]
[EventCountry "GER"]
[EventRounds "9"]
[EventType "swiss"]
[EventDate "2012.05.26"]

1. e4 e5 2. Nf3 Nc6 3. Bc4 Be7 4. d3 d6 5. Nbd2 Bg4 6. c3 Nf6 7. Bb3 a6 8. Nf1
O-O 9. h3 Bh5 10. Ng3 Bg6 11. Nh4 Nxe4 12. Nxg6 Nxg3 13. Nxe7+ Qxe7 14. fxg3 e4
15. O-O exd3 16. Qxd3 Ne5 17. Qf5 Qd7 18. Qxd7 Nxd7 19. Bf4 Kh8 20. Rae1 Nc5
21. Bc2 Rae8 22. b4 Ne6 23. Be4 Nxf4 24. gxf4 c6 25. Bf5 g6 26. Bd7 Rd8 27. Re7
h5 28. f5 Kg8 29. fxg6 fxg6 30. Be6+ Kh8 31. Rff7 Rxf7 32. Bxf7 Kg7 33. Rxb7
Kf6 34. Bc4 Re8 35. Kf2 Rf8 36. Bxa6 Ke5+ 37. Ke3 Rf1 38. Bxf1 1-0

[Event "DEM U16w 2012"]
[Site "Oberhof GER"]
[Date "2012.05.29"]
[Round "4"]
[White "Stoll, Katja"]
[Black "Lehmann, Patricia"]
[Result "1-0"]
[Termination "normal"]
[Board "10"]
[WhiteElo "1645"]
[BlackElo "1671"]
[PlyCount "93"]
[WhiteFideId "1271730"]
[BlackFideId "12900060"]
[EventCountry "GER"]
[EventRounds "9"]
[EventType "swiss"]
[EventDate "2012.05.26"]

1. e4 c5 2. Nf3 d6 3. d4 cxd4 4. Nxd4 Nf6 5. Nc3 a6 6. f3 h5 7. Be3 e6 8. Qd2
Qc7 9. Be2 Nbd7 10. g4 hxg4 11. fxg4 Ne5 12. g5 Nfg4 13. Bf4 Nc4 14. Bxc4 Qxc4
15. Bg3 Be7 16. O-O-O Ne5 17. h4 b5 18. Kb1 Qc7 19. h5 Nc4 20. Qh2 Bxg5 21. Nf3
Be7 22. e5 d5 23. Bf4 Bb7 24. Rhg1 Na3+ 25. bxa3 Qxc3 26. Rd3 Qa5 27. Bc1 Bf8
28. Ng5 Qc7 29. Rf1 f6 30. Nxe6 Qb8 31. Qf2 Bc8 32. Nf4 b4 33. axb4 Bxb4 34.
Rb3 a5 35. a3 Qc7 36. axb4 axb4 37. exf6 Qa5 38. f7+ Kd7 39. Bb2 Qa2+ 40. Kc1
Bb7 41. Ng6 Rhc8 42. Qf5+ Kc7 43. Be5+ Kb6 44. Qf2+ Kb5 45. f8=Q Qxb3 46. Qe8+
Ka5 47. Qd8+ 1-0

[Event "DEM U16w 2012"]
[Site "Oberhof GER"]
[Date "2012.05.29"]
[Round "4"]
[White "Tobianski, Karina"]
[Black "Burgardt, Sabrina"]
[Result "1-0"]
[Termination "normal"]
[Board "11"]
[WhiteElo "1341"]
[BlackElo "1281"]
[PlyCount "63"]
[WhiteFideId "12937746"]
[BlackFideId "12951943"]
[EventCountry "GER"]
[EventRounds "9"]
[EventType "swiss"]
[EventDate "2012.05.26"]

1. e4 c5 2. Nf3 Nc6 3. c3 e6 4. d4 cxd4 5. cxd4 Nf6 6. e5 Nd5 7. a3 a6 8. Bd3
Be7 9. Nc3 Nxc3 10. bxc3 O-O 11. O-O d6 12. Qe2 dxe5 13. Nxe5 Nxe5 14. Qxe5 Bd6
15. Qe4 f5 16. Qe2 Qc7 17. h3 Qxc3 18. Bb2 Qc7 19. Rfe1 Qd7 20. Bc4 Re8 21. Qh5
Qf7 22. Qf3 Rb8 23. Re2 Bd7 24. Rae1 Qg6 25. Qb3 Kf7 26. d5 exd5 27. Bxd5+ Kf8
28. Rxe8+ Bxe8 29. Re6 Qg5 30. Rxd6 Qe7 31. Re6 Qd8 32. Qb4+ 1-0

[Event "DEM U16w 2012"]
[Site "Oberhof GER"]
[Date "2012.05.29"]
[Round "4"]
[White "Wulf, Constanze"]
[Black "Michels, Kim"]
[Result "1/2-1/2"]
[Termination "normal"]
[Board "12"]
[WhiteElo "1473"]
[BlackElo "1647"]
[PlyCount "81"]
[WhiteFideId "24692379"]
[BlackFideId "24690066"]
[EventCountry "GER"]
[EventRounds "9"]
[EventType "swiss"]
[EventDate "2012.05.26"]

1. d4 f5 2. Nc3 g6 3. h4 Nf6 4. h5 gxh5 5. e4 d6 6. Bd3 Nc6 7. Bg5 Ng4 8. exf5
Nxd4 9. Rxh5 Ne5 10. Be4 Nxf5 11. f4 Nf7 12. Qd3 Ng7 13. Rxh7 Rxh7 14. Bxh7
Nxg5 15. Qb5+ Qd7 16. Qxg5 Qg4 17. Bg6+ Kd8 18. Qxg4 Bxg4 19. Nge2 Nf5 20. Bxf5
Bxf5 21. O-O-O Bg7 22. Nd4 Bg4 23. Rd3 e5 24. Rg3 exd4 25. Rxg4 dxc3 26. Rxg7
cxb2+ 27. Kxb2 Rc8 28. g4 c5 29. Rg8+ Kd7 30. Rxc8 Kxc8 31. g5 Kd7 32. f5 d5
33. g6 Ke7 34. g7 Kf7 35. f6 b5 36. Kc3 a5 37. Kd3 b4 38. c3 c4+ 39. Kc2 bxc3
40. Kxc3 Kg8 41. Kd4 1/2-1/2